Welcome to the Holygrace Academy Library

Please use search bar below to get started

22 FAMOUS GRANDPA'S TALES (Record no. 2537)

MARC details
000 -LEADER
fixed length control field 00423nam a22001577a 4500
020 ## - INTERNATIONAL STANDARD BOOK NUMBER
ISBN 81-7920-079-5
082 ## - DEWEY DECIMAL CLASSIFICATION NUMBER
Classification number 823
Item number AGA/Q
100 ## - MAIN ENTRY--AUTHOR NAME
Personal name SHARMA, MEENA
245 ## - TITLE STATEMENT
Title 22 FAMOUS GRANDPA'S TALES
Remainder of title STORIES FOR CHILDREN
246 ## - VARYING FORM OF TITLE
Title proper/short title 22 FAMOUS GRANDPA'S TALES
Remainder of title STORIES FOR CHILDREN
260 ## - PUBLICATION, DISTRIBUTION, ETC. (IMPRINT)
Place of publication DELHI
Name of publisher SHANTI PUBLICATIONS
300 ## - PHYSICAL DESCRIPTION
Number of Pages 24
520 ## - SUMMARY, ETC.
Summary, etc STORIES FOR CHILDREN
650 ## - SUBJECT ADDED ENTRY--TOPICAL TERM
Topical Term STORIES FOR CHILDREN
942 ## - ADDED ENTRY ELEMENTS (KOHA)
Koha item type Books
Holdings
Withdrawn status Lost status Collection code Home library Current library Shelving location Date acquired Source of acquisition Cost, normal purchase price Full call number Accession Number Koha item type
    Fiction Main Library Main Library SHELF 4-D MYTHOLOGY 11/12/2019 Purchase 30.00 823 AGA/Q 12253 Books
    Fiction Main Library Main Library SHELF 3- I- ENGLISH CHILDRENS LITERATURE &MYTHOLOGY 02/11/2012 PURCHASE 25.00 823 AGA/Q 07214 Books
    Fiction Main Library Main Library SHELF 3- I- ENGLISH CHILDRENS LITERATURE &MYTHOLOGY 12/05/2011 PURCHASE 25.00 823 AGA/Q 05886 Books